000 00370nam a2200121 i 4500
001 bg
245 0 _aMateriały z ogólnopolskiego seminarium dydaktycznego.VII Dni wymiany doświadczeń w nauczniu fizyki w wyższych szkołach technicznych.
260 _aSzczecin,
_c1988.
040 _cBPK
041 _apol
942 _cKS
008 s pl f |000 0 pol
999 _c29003
_d29003
856 _uhttp://koha.tu.koszalin.pl/cgi-bin/koha/opac-detail.pl?biblionumber=29003
_yKatalog online BPK